| 000 | 00784nam a2200181Ia 4500 | ||
|---|---|---|---|
| 008 | 151202s9999||||xx |||||||||||||| ||und|| | ||
| 082 | _bPNVM-73533 | ||
| 100 | _aपालखीवाला नानी. | ||
| 245 | _a"वुइ,दि पीपल ( भारत - विराट लोकशाही )." | ||
| 260 | _b"मेहता पब्लिशिंग हाऊस, पुणे." | ||
| 260 | _c73533 | ||
| 300 | _a408 | ||
| 600 | _aपालखीवाला नानी. | ||
| 630 | _a"वुइ,दि पीपल ( भारत - विराट लोकशाही )." | ||
| 700 | _aपालखीवाला नानी. | ||
| 730 | _a"वुइ,दि पीपल ( भारत - विराट लोकशाही )." | ||
| 942 | _cBOOK | ||
| 999 |
_c1340197 _d1340194 |
||